No comas renacuajos / (Registro nro. 3787)
[ vista simple ]
| 000 -CABECERA | |
|---|---|
| Longitud fija campo de control | 00759nam a2200241 a 4500 |
| 003 - • IDENTIFICADOR DELl NÚMERO DE CONTROL | |
| Identificador del número de control | CO-ViMGA |
| 008 - • CÓDIGOS DE INFORMACIÓN DE LONGITUD FIJA | |
| Códigos de información de longitud fija | 141112s2004 ck r 000 u spa d |
| 020 ## - • NÚMERO INTERNACIONAL NORMALIZADO PARA LIBROS | |
| Número Internacional Normalizado para Libros (ISBN) | 9789588445786 |
| 040 ## - FUENTE DE LA CATALOGACIÓN | |
| Centro catalogador de origen | CO-ViMGA |
| Lengua de catalogación | spa |
| Centro transcriptor | CO-ViMGA |
| 082 04 - • NÚMERO DE LA CLASIFICACIÓN DECIMAL DEWEY | |
| Número de clasificación (R) | Co863.5 M55c |
| 100 1# - • PUNTO DE ACCESO PRINCIPAL-NOMBRE DE PERSONA | |
| Nombre de persona | Montaña Ibánez, Francisco |
| 245 10 - • TITULO PROPIAMENTE DICHO | |
| Título | No comas renacuajos / |
| Mención de responsabilidad, etc. | Francisco Montaña Ibáñez |
| 300 ## - • DESCRIPCIÓN FÍSICA | |
| Extensión | 151 p. ; 17 cm |
| 490 ## - • MENCIÓN DE SERIE | |
| Mención de serie | Frontera |
| 490 ## - • MENCIÓN DE SERIE | |
| Mención de serie | Frontera ; 6 |
| 650 14 - • PUNTO DE ACCESO ADICIONAL DE MATERIA - TÉRMINO DE MATERIA | |
| Término de materia o nombre geográfico como elemento inicial | Novela juvenil colombiana - Siglo XXI |
| 917 ## - | |
| -- | 2012 - 6941 2 ejemplares |
| 942 ## - ENTRADA DE ELEMENTOS AGREGADOS (KOHA) | |
| Fuente de clasificaión o esquema | Dewey Decimal Classification |
| Koha [por defecto] tipo de item | LIbro |
| 990 ## - EQUIVALENCIA O SECCIÓN-REFERENCIA [LOCAL, CANADA] | |
| Enlace de información para campos 9XX | 2012 - 6941 Babel Libros S.A.S 2 ejemplares 21 14/11/2012 a829525 14/11/2012 14/11/2012 |
| Perdido | Fuente de clasificación o esquema | Estado Físico | No para préstamo | Forma de adquisición | Localización permanente | Localización actual | Fecha adquisición | Serie de enumeración / cronolog&íacute;a | Préstamos totales | Signatura completa | Código de barras | Fecha última consulta | Número de copia | Fecha del precio de reemplazo | Tipo de item de Koha | Localización en estanterías |
|---|---|---|---|---|---|---|---|---|---|---|---|---|---|---|---|---|
| Dewey Decimal Classification | Sala General Segundo Piso | Biblioteca Pública Germán Arciniegas - Villavicencio | Biblioteca Pública Germán Arciniegas - Villavicencio | 12/04/2015 | 11/dic/2014 | Co863.5 M55c | 27831 | 12/04/2015 | Ej. 1 | 12/04/2015 | LIbro | |||||
| Dewey Decimal Classification | Colección General | Biblioteca Pública Mapiripan - Jorge Eliecer Gaitán | Biblioteca Pública Mapiripan - Jorge Eliecer Gaitán | 01/23/2025 | N MON6 | MPJG0104 | 01/23/2025 | Ej.1 | 01/23/2025 | LIbro | Literatura | |||||
| Dewey Decimal Classification | Colección General | Biblioteca Pública Medellin del Ariari - El Castillo | Biblioteca Pública Medellin del Ariari - El Castillo | 11/07/2024 | MON6 Ej.1 | BM0000067 | 11/07/2024 | Ej.1 | 11/07/2024 | LIbro | Literatura |